000 005600000a22001570004500
090 _aAR
_b00947
245 1 0 _aBeetles (<Coleoptera>) of an oil-bird cave: cueva del Guácharo, Venezuela
650 1 4 _aEspeleología
_94156
650 1 4 _aCavernas
_993465
651 4 _lCueva del Guácharo
_dCaripe
_pVenezuela
_992749
041 0 _aInglés
700 1 _aKukalova Peck, Jarmila
_994136
100 1 _aPeck, Stewart B.
_99423
942 _cARTICULO
773 1 _tColeopterists Bulletin: an International Journal Devoted to the Study of Beetles
_3339
_h2
_q151-156
_d1989
_g43
999 _c10035
_d10035